LEADER 02111nam 2200577Ia 450 001 9910790190903321 005 20200520144314.0 010 $a0-8262-7270-3 035 $a(CKB)2670000000160591 035 $a(EBL)3440760 035 $a(SSID)ssj0000690589 035 $a(PQKBManifestationID)11400576 035 $a(PQKBTitleCode)TC0000690589 035 $a(PQKBWorkID)10628456 035 $a(PQKB)10969870 035 $a(OCoLC)868217858 035 $a(MdBmJHUP)muse26937 035 $a(Au-PeEL)EBL3440760 035 $a(CaPaEBR)ebr10546067 035 $a(OCoLC)932311373 035 $a(MiAaPQ)EBC3440760 035 $a(EXLCZ)992670000000160591 100 $a20110402d2011 uy 0 101 0 $aeng 135 $aur|n|---||||| 181 $ctxt 182 $cc 183 $acr 200 14$aThe jester and the sages$b[electronic resource] $eMark Twain in conversation with Nietzsche, Freud, and Marx /$fForrest G. Robinson, Gabriel Noah Brahm, Catherine Carlstroem 210 $aColumbia [Mo.] ;$aLondon $cUniversity of Missouri Press$dc2011 215 $a1 online resource (175 p.) 225 1 $aMark Twain and his circle series 300 $aDescription based upon print version of record. 311 $a0-8262-1952-7 320 $aIncludes bibliographical references and index. 327 $aTwain and Nietzsche / Gabriel Noah Brahm Jr. and Forrest G. Robinson -- Twain and Freud / Forrest G. Robinson -- Twain and Marx / Catherine Carlstroem and Forrest G. Robinson -- Conclusion / Catherine Carlstroem. 410 0$aMark Twain and his circle series. 606 $aAmerican literature$xHistory and criticism 615 0$aAmerican literature$xHistory and criticism. 676 $a818/.409 686 $aHT 4705$2rvk 700 $aRobinson$b Forrest G$g(Forrest Glen),$f1940-$01516012 701 $aBrahm$b Gabriel$01523652 701 $aCarlstroem$b Catherine$01523653 801 0$bMiAaPQ 801 1$bMiAaPQ 801 2$bMiAaPQ 906 $aBOOK 912 $a9910790190903321 996 $aThe jester and the sages$93763948 997 $aUNINA